000 00505nam a22001817a 4500
003 OSt
005 20140310181846.0
008 130709t xxu||||| |||| 00| 0 eng d
020 _a9780439782517
050 _aQL 7
_b.D752 2002
082 _aREF 591
_bD75 2002
245 _aThe Usborne first encyclopedia of animals /
_cPaul Dowswell.
260 _aNew York :
_bScholastic Inc,
_cc2002.
300 _a63 p. :
_bcol. ill. ;
_c28 cm.
541 _j1
562 _e1
942 _2lcc
_cBK-GR
_kREF
999 _c5224
_d5224